Fr. Conceicao Rodrigues College of Engineering

Datawarehousing (Record no. 19948)

MARC details
000 -LEADER
fixed length control field 00368nam a2200169Ia 4500
082 ## - DEWEY DECIMAL CLASSIFICATION NUMBER
Classification number 4.56
Item number THA
100 ## - MAIN ENTRY--PERSONAL NAME
Personal name Thareja/Reema
245 ## - TITLE STATEMENT
Title Datawarehousing
260 ## - PUBLICATION, DISTRIBUTION, ETC.
Name of publisher, distributor, etc. Oxford university press
Date of publication, distribution, etc. 2009
366 ## - TRADE AVAILABILITY INFORMATION
Publishers's discount category 25
300 ## - PHYSICAL DESCRIPTION
Extent 474
546 ## - LANGUAGE NOTE
Language note ENGLISH
-- electronics
650 ## - SUBJECT ADDED ENTRY--TOPICAL TERM
Topical term or geographic name entry element Datawarehousing
654 ## - SUBJECT ADDED ENTRY--FACETED TOPICAL TERMS
Focus term datawarehousing
942 ## - ADDED ENTRY ELEMENTS (KOHA)
Koha item type BOOK
Holdings
Withdrawn status Lost status Damaged status Not for loan Collection Home library Current library Date acquired Source of acquisition Cost, normal purchase price Inventory number Total Checkouts Full call number Barcode Date last seen Date last checked out Cost, replacement price Price effective from Koha item type Total Renewals
        CRC Fr. Agnel's C.Rodrigues College of Engineering AGNEL TECHNICAL COLLEGE LIBRARY 17/03/2023 Allied Publishers 266.25 462 dt 26.06.2014 1 4.56 THA 23296 30/04/2025 29/04/2025 355.00   BOOK  
        CRC Fr. Agnel's C.Rodrigues College of Engineering AGNEL TECHNICAL COLLEGE LIBRARY 17/03/2023 Allied Publishers 266.25 462 dt 26.06.2014 3 4.56 THA 23298 09/05/2025 24/04/2025 355.00   BOOK 1
        CRC Fr. Agnel's C.Rodrigues College of Engineering Fr. Agnel's C.Rodrigues College of Engineering 17/03/2023 Allied Publishers 266.25 462 dt 26.06.2014 1 4.56 THA 23297 03/02/2024 12/01/2024 355.00   BOOK 1
        CRC Fr. Agnel's C.Rodrigues College of Engineering Fr. Agnel's C.Rodrigues College of Engineering 17/03/2023 Allied Publishers 266.25 462 dt 26.06.2014   4.56 THA 23299 17/03/2023   355.00   BOOK  
        CRC Fr. Agnel's C.Rodrigues College of Engineering Fr. Agnel's C.Rodrigues College of Engineering 17/03/2023 Allied Publishers 266.25 462 dt 26.06.2014 1 4.56 THA 23300 21/05/2025 01/01/2025 355.00   BOOK